00741nam a2200241Ia 4500001000700000003000500007008004100012010001100053020002200064040000900086082001900095100002100114245007800135250001200213260005100225300004800276503001700324504003800341650002400379650002700403700004000430700002900470Z_5852CHAP220113s9999 xx 000 0 und d a169057 a978-0-87893-317-4 cCHAP a591.1 H55 2008 aHill, Richard W. aAnimal physiology /cRichard W. Hill, Gordon A. Wyse y Margaret Anderson a2a. ed. aEstados Unidos de América :bSinauer,c  axxv, 762 p. (paginación variada) + anexos aej.1: 248071 aIncluye bibliografía e índice aFisiología animal aFisiología comparada a Anderson, Margaret, coaut., 1941 - aWyse, Gordon A., coaut.